Propuesta de normativa para el desarrollo de túneles viales en Costa Rica
Збережено в:
| Автор: | |
|---|---|
| Інші автори: | |
| Формат: | Невідомо |
| Мова: | Spanish |
| Опубліковано: |
[San José ], Costa Rica
2019
|
| Предмети: | |
| Теги: |
Додати тег
Немає тегів, Будьте першим, хто поставить тег для цього запису!
|
MARC
| LEADER | 00000 a2200000 4500 | ||
|---|---|---|---|
| 003 | 013171 | ||
| 005 | 20230309085451.0 | ||
| 008 | 140114s2019 cr a 000 ||spa d | ||
| 040 | |c cru CEDI | ||
| 100 | |a Núñez Morales, Isaac Felipe, 1992- |9 162 | ||
| 245 | |a Propuesta de normativa para el desarrollo de túneles viales en Costa Rica | ||
| 260 | |a [San José ], Costa Rica |c 2019 | ||
| 500 | |a Proyecto de graduación (licenciatura en ingeniería civil)--Universidad de Costa Rica. Facultad de Ingeniería Escuela de Ingeniería Civil. Departamento. Geotecnia | ||
| 501 | |a Director de Proyecto de Graduación: Ing. Marlon Jiménez Jiménez | ||
| 610 | |x TUNEL ZURQUI (COSTA RICA) | ||
| 650 | |x CARRETERA ZAPOTE-CURRIDABAT |x SEGURIDAD VIAL |x TUNELES - NORMAS - COSTA RICA |x TUNELES - ASPECTOS LEGALES |x TUNELES - DISEÑO Y CONSTRUCCION - COSTA RICA | ||
| 700 | |9 163 |a Jiménez Jiménez, Marlon Alfonso, 1964- |d Director/a del TFG | ||
| 942 | |c CEDI |h TFG 8321 |6 TFG_8321_000000000000000 | ||
| 999 | |c 12937 |d 12937 | ||
